| 000 | 00866nam a2200277 a 4500 | ||
|---|---|---|---|
| 001 | vtls001151798 | ||
| 003 | NLI | ||
| 005 | 20210603135237.0 | ||
| 008 | 120326s1932 ii f000 0 eng | ||
| 039 | 9 |
_a201203302108 _bVLOAD _y201203262128 _zDatasoft |
|
| 040 |
_aNLI _beng _cDatasoft_IOD_S _eAACR2 |
||
| 041 | 0 | _aeng | |
| 044 | _aii | ||
| 082 | 0 | 4 | _a301.36 |
| 100 | 1 |
_aMukherji, Shekhar _9388922 |
|
| 245 | 1 | 0 |
_aMigration, Regional disparitics and urbanization in India / _cShekhar Mukherji ; International Institute for Population Sciences |
| 260 |
_aBombay : _bThe Department, _c1932 |
||
| 300 |
_a126 p. ; _c29 cm. |
||
| 650 | 0 |
_aUrbanization _zIndia _95743 |
|
| 650 | 0 |
_aCities and towns _zIndia _xHistory _9352756 |
|
| 887 | _a | ||
| 901 |
_a134367 date _b24.08.2001 |
||
| 902 | _aGP 301.36(54) M 896 | ||
| 942 |
_2ddc _cBKS |
||
| 999 |
_aVIRTUA40 _c436734 _d436734 |
||